000 00289nam a22001337a 4500
008 171101b xxu||||| |||| 00| 0 eng d
020 _a9780399526145
041 _aeng
080 _a33
100 _a59
101 _aBUS
245 _aTHE POWERS OF QUESTIONS
_cLEEDS.D
942 _2udc
_cBK
999 _c36931
_d36931